00985nam a2200265 i 4500999001700000001001100017003000500028005001700033008004100050040002500091082001700116090002200133110002500155245014200180264006200322300002300384336002100407337002500428338002300453500003900476650007300515710003700588942001100625952008300636 c72045d72045C2-0261379PPAK20190625145202.0041221s1990 my |||| ||||| | eng d aPPAKbengcPPAKerda04a630.959522300a630.9595bMALdKK2 aMalaysia, Government00aFeasibility study rationalization and crop diversification in non-granary irrigated areas in Malaysia :bdraft final report (August 1990) 1aJohor : bJapan International Cooperation Agency , c1990 a24 pages ; c30 cm 2rdacontentatext 2rdamediaaunmediated 2rdacarrieravolume astate report 13 Johor ; No. 22 (G)10aAgriculture - Research - Malaysia ; Agriculture and state - Malaysia2 aMalaysia, Government eorganizer cB2ddc 0071bPPAKcKKd2004-12-21oKK 630.9595 MALpA00360580r2018-05-09 00:00:00yB